Appropriate technology for solid waste collection and disposal : A Case study of Surendranagar Town (Record no. 412894)

000 -LEADER
fixed length control field 00412cam a22001217a 4500
008 - FIXED-LENGTH DATA ELEMENTS--GENERAL INFORMATION
fixed length control field 180718b xxu||||| |||| 00| 0 eng d
082 ## - DEWEY DECIMAL CLASSIFICATION NUMBER
Classification number X89x5441 Al51
100 ## - MAIN ENTRY--PERSONAL NAME
Personal name Virmani,Shaila
245 ## - TITLE STATEMENT
Title Appropriate technology for solid waste collection and disposal : A Case study of Surendranagar Town
Statement of responsibility, etc. By Shaila Virmani
260 ## - PUBLICATION, DISTRIBUTION, ETC.
Place of publication, distribution, etc. Bombay
Name of publisher, distributor, etc. RCFUES
Date of publication, distribution, etc.
300 ## - PHYSICAL DESCRIPTION
Extent iii, 65p.
650 ## - SUBJECT ADDED ENTRY--TOPICAL TERM
Topical term or geographic name entry element Solid waste collection and disposal
Holdings
Withdrawn status Lost status Damaged status Not for loan Permanent Location Current Location Date acquired Full call number Barcode Date last seen Price effective from Koha item type
        Indian Institute of Public Administration Indian Institute of Public Administration 2009-02-09 X89x5441 Al51 12166 2018-07-21 2018-07-21 Book

Powered by Koha